000 00806cam a2200229 a 4500
020 _a0471976776 (alk. paper)
082 0 0 _a621.3191
_bWEE
_cL-NUST, P-27
100 1 _aWeedy, B. M.
_941268
245 1 0 _aElectric power systems /
_cB.M. Weedy, B.J. Cory.
250 _a4th ed.
260 _aChichester ;
_aNew York :
_bJohn Wiley Sons,
_cc1998.
300 _axviii, 545 p. :
_bill. ;
_c24 cm.
526 _a0
_b0
_c0
_d621_319100000000000_WEE
526 _a0
_b0
_c0
_d621_319100000000000_WEE
650 0 _aElectric power systems.
_918375
650 0 _aElectric power transmission.
_941269
650 0 _aMCE
_9379
700 1 2 _aCory, B. J.
_941270
856 4 _uhttp://www.loc.gov/catdir/toc/onix04/97044411.html
856 4 2 _uhttp://www.loc.gov/catdir/description/wiley033/97044411.html
942 _2ddc
_cBK
999 _c545429
_d545429